Central Library OPAC University of Rajshahi

মোগল দরবারে দল ও রাজনীতি / (Record no. 39898)

MARC details
000 -LEADER
fixed length control field 00812nam a2200217 a 4500
001 - CONTROL NUMBER
control field 39898
003 - CONTROL NUMBER IDENTIFIER
rucl marc code BD-RjUL
005 - DATE AND TIME OF LATEST TRANSACTION
control field 20211209053101.0
008 - FIXED-LENGTH DATA ELEMENTS--GENERAL INFORMATION
fixed length control field 160419s1978 ii ||||| |||| 00| 0 ben d
035 ## - SYSTEM CONTROL NUMBER
System control number (BD-RjUL) 40012
040 ## - CATALOGING SOURCE
Original cataloging agency BD-RjUL
Language of cataloging ben
Transcribing agency BD-RjUL
041 ## - LANGUAGE CODE
Language code of text/sound track or separate title ben
082 ## - DEWEY DECIMAL CLASSIFICATION NUMBER
Edition number 23
Classification number 954.023
Author mark and year CHM 1978
100 ## - MAIN ENTRY--PERSONAL NAME
Personal name চন্দ্র, সতীশ
9 (RLIN) 122907
245 10 - TITLE STATEMENT
Title মোগল দরবারে দল ও রাজনীতি /
Statement of responsibility, etc. সতীশ চন্দ্র
260 ## - PUBLICATION, DISTRIBUTION, ETC. (IMPRINT)
Place of publication, distribution, etc. কলকাতা :
Name of publisher, distributor, etc. কে পি বাগচী,
Date of publication, distribution, etc. ১৯৭৮
300 ## - PHYSICAL DESCRIPTION
Pagination xiv, ৪৪৪ পৃ. ;
Size ২১ সেমি
650 ## - SUBJECT ADDED ENTRY--TOPICAL TERM
Topical term or geographic name as entry element মোগল ইতিহাস
Geographic subdivision ভারত
9 (RLIN) 122908
Chronological subdivision ১৭০৭-১৭৪৪
Topical term or geographic name as entry element Mogul Empire
9 (RLIN) 122909
Chronological subdivision 1707-1744
Geographic subdivision India
942 ## - ADDED ENTRY ELEMENTS (KOHA)
Source of classification or shelving scheme Dewey Decimal Classification
Koha item type Books
Holdings
Lost status Source of classification or shelving scheme Damaged status Not for loan Collection code Permanent Location Current Location Shelving location Date acquired Source of acquisition Cost, normal purchase price Total Checkouts Full call number Date last seen Copy number Koha item type
  Dewey Decimal Classification   Not For Loan Non-fiction Central Library, University of Rajshahi Central Library, University of Rajshahi Reading Room 12/01/1983 India Interkoli 30.00   B 954.023 CHM 1978 19/04/2016 C-1 Books